00921nam a2200241 a 45000010005000000030010000050050017000150080041000320200015000730400025000880800014001131100042001272450065001692600072002343000019003064900056003255000046003815040025004276500057004526500059005096500059005688300052006271386BR-CuiBMT20231210043213.0231201s2007 dfb 000 0 por d a8586611212 aBR-CuiBMTcBR-CuiBMT a329220071 aBrasil.bTribunal Superior Eleitoral.10aColigação, convenção /cTribunal Superior Eleitoral. aBrasília :bTSE, Secretaria de Gestão da Informação,c2007. a93 p. ;c21 cm1 aJurisprudência do TSE. Temas selecionados ;vv. 6 a"Atualização até dezembro de 2006". aInclui bibliografia. aConvenções políticasxJurisprudênciazBrasil aColigações partidáriasxJurisprudênciazBrasil aTribunal Superior EleitoralxDireito eleitoralzBrasil 0aJurisprudência do TSE.pTemas selecionadosv5